| 000 | 00000nas 2200000za 4500 |
| 001 | 9.504711 |
| 003 | CaOODSP |
| 005 | 20221107133427 |
| 007 | cr ||||||||||| |
| 008 | 150406d19942003oncuu m o||||f0 a0eng|d |
| 040 | |aCaOODSP|beng |
| 043 | |an-cn--- |
| 086 | 1 |aC21-24E-PDF |
| 130 | 0 |aWorking paper (Canada. Industry Canada) |
| 245 | 10|aWorking paper |h[electronic resource]. |
| 260 | |aOttawa : |bIndustry Canada. |
| 310 | |aIrregular |
| 362 | 1 |aNo. 1 (January 1994) - No. 40 (December 2003) |
| 500 | |aIssued also in French under title: Document de travail. |
| 500 | |aInclude some issues digitized edition from print [produced by Innovation, Science and Economic Development Canada]. |
| 530 | |aIssued also in print format. |
| 710 | 1 |aCanada. |bIndustry Canada. |bMicro-Economic Policy Analysis Branch. |
| 775 | 08|tDocument de travail |w(CaOODSP)9.501123 |
| 776 | 0#|tWorking paper |w(CaOODSP)9.509052 |